MARC

LEADER 00000nam0a2200000 4500
001 260265
005 20231101233449.0
035 |a (RuTPU)RU\TPU\book\283213 
090 |a 260265 
100 |a 20140514d1987 k y0rusy50 ca 
101 0 |a rus 
102 |a RU 
105 |a y z 100zy 
200 1 |a Применение аппаратов порошковой технологии и процессов термосинтеза в народном хозяйстве  |e материалы всесоюзной научной конференции, Томск, 27-29 мая 1987 г.  |f Томский государственный университет (ТГУ), Научно-исследовательский институт прикладной математики и механики (НИИПММ) ; под ред. В. М. Егорова 
210 |a Томск  |c Изд-во ТГУ  |d 1987 
215 |a 289 с. 
606 1 |a Порошковая металлургия  |x Оборудование цехов  |x Механизация  |2 stltpush  |3 (RuTPU)RU\TPU\subj\50859  |9 69489 
610 1 |a аппараты 
610 1 |a порошковая технология 
610 1 |a термосинтез 
610 1 |a народное хозяйство 
610 1 |a конференции 
610 1 |a измельчение 
610 1 |a диспергирование 
610 1 |a сушка 
610 1 |a пылеочистка 
675 |a 621.762.06(063)  |v 3 
702 1 |a Егоров  |b В. М.  |4 340 
712 0 2 |a Томский государственный университет (ТГУ)  |b Научно-исследовательский институт прикладной математики и механики (НИИПММ)  |2 stltpush  |3 (RuTPU)RU\TPU\col\2241 
712 1 2 |a Применение аппаратов порошковой технологии и процессов термосинтеза в народном хозяйстве  |c конференция  |e Томск  |f 1987 
801 1 |a RU  |b 63413507  |c 20140514 
801 2 |a RU  |b 63413507  |c 20150209  |g RCR 
942 |c BK